000 02187nam0a2200397 4500
001 RU\NLR\BIBL_A\012651748
005 20220114110551.0
010 _a978-5-907441-01-9
_9500
021 _aRU
_bКН-П-21-049136
_9КН-П-21-3868
035 _a(NLR Aleph) 012651748
090 _a12728461
_c12728461
100 _a20211126d2021 k y0rusy50 ca
101 0 _arus
102 _aRU
105 _ay e 001zy
181 0 _ai
_baxxe
182 0 _an
200 1 _aМенеджмент в образовании. Государственно-общественное управление образованием
_eучебный энциклопедический словарь-справочник
_eболее 1500 статей
_fТ.А. Магсумов, Р.З. Валиева, Е.В. Коновалова [и др.]
_gпод общей редакцией Т.А. Магсумова
203 _aТекст
_bвизуальный
_cнепосредственный
210 _aКурск
_cУниверситетская книга
_d2021
215 _a423, [2] с.
_d20
300 _aНа 424-й с. авт.: канд. ист. наук, доц. Т.А. Магсумов, канд. пед. наук, доц. Р.З. Валиева, канд. пед. наук Е.В. Коновалова
300 _aАвт. указаны на обороте тит. с.
320 _aБиблиогр.: с. 409-423 (226 назв.)
320 _aУказ.: с. 390-408
606 1 _aОбразовательные учреждения
_jТерминологические словари
_xУправление
_xУчастие общественности
_92601977
_3RU\NLR\auth\661538535
686 1 _aЧ34(2Р)к.я212
686 1 _aЧ315.3я212
701 1 _aМагсумов
_bТ. А.
_f1982-
_gТимур Альбертович
701 1 _aВалиева
_bР. З.
_gРегина Завдатовна
701 1 _7ca
_8rus
_aКоновалова
_bЕ. В.
_cканд. пед. наук
_gЕлена Викторовна
_9105115
_3RU\NLR\AUTH\77122190
942 _cBOOK
980 _aNB